000 00399nam a22001697a 4500
005 20160613095656.0
008 160613b xxu||||| |||| 00| 0 eng d
020 _a9788173711466
041 _aeng
082 _b7068
100 _aKalam, APJ Abdul
_91705
245 _aWings of Fire
260 _aHyderabad
_bUniversities press
_c1999
300 _a180
650 _aManagement
_9241
942 _cBK
999 _c2461
_d2460